000
00284nam a2200109Ia 4500
008
240624s9999 xx 000 0 und d
041
_a
eng
100
_a
MORRIS MICHAEL H
245
_a
CORPORATE ENTREPRENEURSHIP AND INNOVATIO
260
_a
Innovation
_b
Cengage Learning
365
_c
_b
30
999
_c
30925
_d
30925